Bioterrorism : (Record no. 599538)
[ view plain ]
| 000 -LEADER | |
|---|---|
| fixed length control field | 00309nam a2200121Ia 4500 |
| 008 - FIXED-LENGTH DATA ELEMENTS--GENERAL INFORMATION | |
| fixed length control field | 230907s9999||||xx |||||||||||||| ||und|| |
| 082 ## - DEWEY DECIMAL CLASSIFICATION NUMBER | |
| Classification number | 658.477 |
| 100 ## - MAIN ENTRY--PERSONAL NAME | |
| Personal name | Gustin, Joseph F., |
| 9 (RLIN) | 36364 |
| 245 #0 - TITLE STATEMENT | |
| Title | Bioterrorism : |
| 260 ## - PUBLICATION, DISTRIBUTION, ETC. | |
| Place of publication, distribution, etc. | Fairmont Press, |
| Name of publisher, distributor, etc. | Lilburn, Ga. : |
| Date of publication, distribution, etc. | 2005 |
| 300 ## - PHYSICAL DESCRIPTION | |
| Extent | ix, 269 p. : |
| 942 ## - ADDED ENTRY ELEMENTS (KOHA) | |
| Koha item type | Book |
| Withdrawn status | Lost status | Damaged status | Not for loan | Permanent Location | Current Location | Date acquired | Total Checkouts | Full call number | Barcode | Date last seen | Price effective from | Koha item type |
|---|---|---|---|---|---|---|---|---|---|---|---|---|
| US-Pakistan Center for Advanced Studies in Energy (USPCAS-E) | US-Pakistan Center for Advanced Studies in Energy (USPCAS-E) | 10/07/2019 | 658.477 | CAS-E0003637 | 09/12/2023 | 09/12/2023 | Book |
